000
00223nam a2200097Ia 4500
008
120527s9999 xx 000 0 und d
100
_a
New International publ.
245
_a
The world guide.
260
_b
Hudson
942
_c
BK
999
_c
23732
_d
23732